[Event "SRB-chT3 East CS"]
[Site "Kladovo"]
[Date "2016.10.15"]
[Round "9.42"]
[White "Arsenijevic, Ivan"]
[Black "Cvetanovic, Uros"]
[Result "0-1"]
[WhiteElo "2163"]
[BlackElo "2247"]
[PlyCount "32"]
[EventDate "2016.09.04"]
[EventType "team-tourn"]
[EventRounds "11"]
[EventCountry "SRB"]
[SourceTitle "EXT 2021"]
[Source "ChessBase"]
[SourceDate "2020.10.23"]
[SourceVersion "1"]
[SourceVersionDate "2020.10.23"]
[SourceQuality "1"]

1. d4 Nf6 2. Nf3 e6 3. Bg5 c5 4. c3 cxd4 5. Nxd4 Be7 6. Nd2 d5 7. e3 0-0 8. Qc2 Re8 9. Bd3 h6 10. Bh4 e5 11. Nf5 Bf8 12. Bb5 Nc6 13. 0-0 g5 14. Bg3 Ne4 15. f3 Nxd2 16. Rfd1 Qf6 0-1

[Event "SRB-chT3 East"]
[Site "Serbia"]
[Date "2015.10.17"]
[Round "10.12"]
[White "Rasic, Jovan"]
[Black "Arsenijevic, Ivan"]
[Result "1/2-1/2"]
[WhiteElo "2053"]
[BlackElo "2167"]
[PlyCount "60"]
[EventDate "2015.09.06"]
[EventType "team-tourn"]
[EventRounds "11"]
[EventCountry "SRB"]
[SourceTitle "EXT 2022"]
[Source "ChessBase"]
[SourceDate "2021.10.06"]
[SourceVersion "1"]
[SourceVersionDate "2021.10.06"]
[SourceQuality "1"]

1. b4 Nf6 2. Bb2 d5 3. e3 Bf5 4. Nf3 e6 5. a3 c6 6. c4 Bd6 7. c5 Bc7 8. a4 Nbd7 9. d4 Qe7 10. Be2 e5 11. Nbd2 e4 12. Ng1 Qe6 13. Qc2 Bg4 14. 0-0-0 Bxe2 15. Nxe2 Ng4 16. Rdf1 b6 17. h3 Ngf6 18. Nb3 bxc5 19. Nxc5 Nxc5 20. dxc5 a6 21. g4 Be5 22. Bxe5 Qxe5 23. Nd4 Qc7 24. Nf5 0-0 25. Qc3 Rfe8 26. Nxg7 Kxg7 27. g5 Qe5 28. gxf6+ Kxf6 29. Kc2 Qxc3+ 30. Kxc3 Ke5 1/2-1/2

[Event "SRB-chT3 East"]
[Site "Serbia"]
[Date "2015.10.16"]
[Round "7.42"]
[White "Arsenijevic, Ivan"]
[Black "Zlatanovic, Zoran"]
[Result "1/2-1/2"]
[WhiteElo "2167"]
[BlackElo "2145"]
[PlyCount "24"]
[EventDate "2015.09.06"]
[EventType "team-tourn"]
[EventRounds "11"]
[EventCountry "SRB"]
[SourceTitle "EXT 2022"]
[Source "ChessBase"]
[SourceDate "2021.10.06"]
[SourceVersion "1"]
[SourceVersionDate "2021.10.06"]
[SourceQuality "1"]

1. d4 Nf6 2. Nf3 e6 3. Bg5 h6 4. Bh4 c5 5. c3 b6 6. e3 Bb7 7. Nbd2 Be7 8. Rc1 0-0 9. Bd3 d6 10. 0-0 Nbd7 11. c4 Re8 12. h3 Rc8 1/2-1/2

[Event "Veliko Gradiste Silver Lake op-A"]
[Site "Veliko Gradiste"]
[Date "2015.06.24"]
[Round "5"]
[White "Saric, Sinisa"]
[Black "Arsenijevic, Ivan"]
[Result "1/2-1/2"]
[WhiteElo "2432"]
[BlackElo "2169"]
[PlyCount "58"]
[EventDate "2015.06.20"]
[EventType "swiss"]
[EventRounds "9"]
[EventCountry "SRB"]
[SourceTitle "CBM 167 Extra"]
[Source "ChessBase"]
[SourceDate "2015.09.14"]
[SourceVersion "1"]
[SourceVersionDate "2015.09.14"]
[SourceQuality "1"]

1. d4 d5 2. c4 e6 3. Nc3 Nf6 4. cxd5 exd5 5. Bg5 Be7 6. e3 c6 7. Bd3 0-0 8. Qc2 Nbd7 9. Nf3 Re8 10. 0-0 Nf8 11. Rae1 g6 12. Ne5 Ne6 13. f4 Ng7 14. h3 Bf5 15. g4 Bxd3 16. Qxd3 Nd7 17. Bxe7 Rxe7 18. Nxd7 Rxd7 19. f5 Rd6 20. e4 dxe4 21. Nxe4 Rxd4 22. Qe3 Rd3 23. Qh6 Qd4+ 24. Rf2 Ne8 25. fxg6 hxg6 26. Ng5 Nf6 27. Kg2 Rd2 28. Ree2 Rxe2 29. Rxe2 Qd5+ 1/2-1/2

[Event "Veliko Gradiste Silver Lake op-A"]
[Site "Veliko Gradiste"]
[Date "2015.06.21"]
[Round "2"]
[White "Arsenijevic, Ivan"]
[Black "Dinev, Dejan"]
[Result "1/2-1/2"]
[WhiteElo "2169"]
[BlackElo "2323"]
[PlyCount "76"]
[EventDate "2015.06.20"]
[EventType "swiss"]
[EventRounds "9"]
[EventCountry "SRB"]
[SourceTitle "CBM 167 Extra"]
[Source "ChessBase"]
[SourceDate "2015.09.14"]
[SourceVersion "1"]
[SourceVersionDate "2015.09.14"]
[SourceQuality "1"]

1. d4 Nf6 2. Nf3 e6 3. c4 d5 4. Nc3 Be7 5. Bg5 0-0 6. e3 Nbd7 7. Rc1 c6 8. Bd3 dxc4 9. Bxc4 Nd5 10. Bxe7 Qxe7 11. 0-0 Nxc3 12. Rxc3 e5 13. dxe5 Nxe5 14. Nxe5 Qxe5 15. Qb3 Rb8 16. Rd1 Bf5 17. Rcc1 Qe7 18. Rd2 Rfd8 19. Rcd1 Rxd2 20. Rxd2 b5 21. Be2 h6 22. Qd1 Be6 23. Bf3 c5 24. Bd5 c4 25. a3 c3 26. bxc3 Bxd5 27. Rxd5 Qxa3 28. Qc2 g6 29. h4 a6 30. h5 g5 31. Rd7 Rf8 32. Qd3 Rc8 33. Qf5 Qb3 34. Rxf7 Qd1+ 35. Kh2 Qxh5+ 36. Kg1 Qd1+ 37. Kh2 Qh5+ 38. Kg1 Qd1+ 1/2-1/2

[Event "Veliko Gradiste Silver Lake op-A"]
[Site "Veliko Gradiste"]
[Date "2015.06.20"]
[Round "1"]
[White "Rajkovic, Dusan"]
[Black "Arsenijevic, Ivan"]
[Result "1/2-1/2"]
[WhiteElo "2368"]
[BlackElo "2169"]
[PlyCount "71"]
[EventDate "2015.06.20"]
[EventType "swiss"]
[EventRounds "9"]
[EventCountry "SRB"]
[SourceTitle "CBM 167 Extra"]
[Source "ChessBase"]
[SourceDate "2015.09.14"]
[SourceVersion "1"]
[SourceVersionDate "2015.09.14"]
[SourceQuality "1"]

1. d4 d5 2. c4 e6 3. Nc3 Nf6 4. Bg5 Be7 5. e3 Nbd7 6. Nf3 a6 7. c5 0-0 8. Rc1 Nh5 9. Bf4 Nxf4 10. exf4 c6 11. Bd3 Qc7 12. g3 Re8 13. 0-0 Bf8 14. Re1 g6 15. h4 Bg7 16. h5 b6 17. b4 a5 18. hxg6 hxg6 19. b5 bxc5 20. bxc6 Qxc6 21. Bb5 Qb7 22. Qa4 Nb6 23. Qc2 Bd7 24. dxc5 Bxb5 25. Nxb5 Nc4 26. Nfd4 Bxd4 27. Nxd4 Qa7 28. Nxe6 fxe6 29. Qxg6+ Qg7 30. Rxe6 Qxg6 31. Rxg6+ Kf7 32. Rg5 Rad8 33. c6 Re7 34. Rd1 Nb6 35. Rb1 Nc4 36. Rd1 1/2-1/2

[Event "Pozarevac-ch"]
[Site "Pozarevac"]
[Date "2014.12.27"]
[Round "3"]
[White "Radovanovic, Nikola"]
[Black "Arsenijevic, Ivan"]
[Result "1-0"]
[WhiteElo "2340"]
[BlackElo "2163"]
[PlyCount "75"]
[EventDate "2014.12.26"]
[EventType "swiss"]
[EventRounds "5"]
[EventCountry "SRB"]
[SourceTitle "CBM 164 Extra"]
[Source "ChessBase"]
[SourceDate "2015.03.02"]
[SourceVersion "1"]
[SourceVersionDate "2015.03.02"]
[SourceQuality "1"]

1. d4 d5 2. c4 e6 3. Nf3 Nf6 4. g3 c6 5. Qc2 Bd6 6. Bg2 Nbd7 7. 0-0 0-0 8. b3 e5 9. dxe5 Nxe5 10. Bb2 Nxf3+ 11. Bxf3 dxc4 12. Qxc4 Qe7 13. e4 Be5 14. Bxe5 Qxe5 15. Qc3 Qxc3 16. Nxc3 Bg4 17. Bg2 Rad8 18. h3 Be6 19. Rfd1 Rfe8 20. f4 h6 21. Kf2 g5 22. e5 Nd5 23. Ne4 gxf4 24. gxf4 Re7 25. Nf6+ Kh8 26. Bxd5 cxd5 27. Rac1 d4 28. Ke2 Bf5 29. Rg1 Bg6 30. Rg3 d3+ 31. Kd2 Re6 32. Rcg1 Rc6 33. f5 Rc2+ 34. Kd1 Bh5+ 35. Nxh5 Rxa2 36. Nf6 Rb2 37. Rf1 Re2 38. Rff3 1-0

[Event "SRB-chT3 East"]
[Site "Pozarevac"]
[Date "2014.10.05"]
[Round "6.32"]
[White "Arsenijevic, Ivan"]
[Black "Vebel, Goran"]
[Result "1/2-1/2"]
[WhiteElo "2159"]
[BlackElo "2122"]
[PlyCount "27"]
[EventDate "2014.10.02"]
[EventType "team-swiss"]
[EventRounds "6"]
[EventCountry "SRB"]
[SourceTitle "EXT 2022"]
[Source "ChessBase"]
[SourceDate "2021.10.06"]
[SourceVersion "1"]
[SourceVersionDate "2021.10.06"]
[SourceQuality "1"]

1. d4 Nf6 2. Nf3 g6 3. c4 Bg7 4. Nc3 0-0 5. e4 d6 6. Be2 e5 7. 0-0 Nc6 8. d5 Ne7 9. b4 Nh5 10. Re1 f5 11. Nd2 Nf4 12. c5 g5 13. cxd6 cxd6 14. b5 1/2-1/2

[Event "SRB-chT3 East"]
[Site "Pozarevac"]
[Date "2014.10.03"]
[Round "3.12"]
[White "Cabarkapa, Novak"]
[Black "Arsenijevic, Ivan"]
[Result "0-1"]
[WhiteElo "2379"]
[BlackElo "2159"]
[PlyCount "80"]
[EventDate "2014.10.02"]
[EventType "team-swiss"]
[EventRounds "6"]
[EventCountry "SRB"]
[SourceTitle "EXT 2022"]
[Source "ChessBase"]
[SourceDate "2021.10.06"]
[SourceVersion "1"]
[SourceVersionDate "2021.10.06"]
[SourceQuality "1"]

1. e4 e6 2. d4 d5 3. Nc3 dxe4 4. Nxe4 Nd7 5. g3 Ngf6 6. Nxf6+ Nxf6 7. Bg2 Bd6 8. Ne2 0-0 9. Bf4 Qe7 10. Qd2 Bxf4 11. gxf4 Rd8 12. 0-0-0 a5 13. Qc3 Qb4 14. Rhg1 Ra6 15. a3 Qd6 16. Qg3 g6 17. Qg5 Kg7 18. Rd3 h6 19. Qe5 Qe7 20. Ng3 Kh7 21. Be4 Ng4 22. Qb5 c6 23. Qb3 Nxf2 24. Rf3 Nxe4 25. Nxe4 Rxd4 26. Qe3 Rd5 27. Qc3 Rf5 28. Rh3 e5 29. Ng5+ Rxg5 30. fxg5 Bxh3 31. Qxh3 h5 32. Qg3 c5 33. h4 Rd6 34. Re1 e4 35. Qh3 Qe6 36. Qe3 Qa2 37. c3 Re6 38. Qf4 Rb6 39. Rf1 Qxb2+ 40. Kd1 Qb1+ 0-1

[Event "SRB-chT3 Ost"]
[Site "Kladovo"]
[Date "2013.10.20"]
[Round "7.12"]
[White "Zlatanovic, Zoran"]
[Black "Arsenijevic, Ivan"]
[Result "1/2-1/2"]
[WhiteElo "2191"]
[BlackElo "2164"]
[PlyCount "37"]
[EventDate "2013.10.17"]
[EventType "team-swiss"]
[EventRounds "8"]
[EventCountry "SRB"]
[SourceTitle "EXT 2015"]
[Source "ChessBase"]
[SourceDate "2014.11.20"]
[SourceVersion "1"]
[SourceVersionDate "2014.11.20"]
[SourceQuality "1"]

1. e4 e6 2. d3 d5 3. Nd2 c5 4. g3 Nc6 5. Bg2 Nge7 6. Ngf3 g6 7. 0-0 Bg7 8. Re1 0-0 9. c3 b6 10. Qe2 Ba6 11. e5 Qc7 12. Nf1 b5 13. h4 b4 14. cxb4 Rad8 15. Bg5 h6 16. Bd2 Nf5 17. Rac1 Nfd4 18. Nxd4 Nxd4 19. Qg4 1/2-1/2

[Event "Srebrno Jezero op-A 7th"]
[Site "Srebrno Jezero"]
[Date "2013.06.20"]
[Round "9"]
[White "Andrejic, Vladica"]
[Black "Arsenijevic, Ivan"]
[Result "1-0"]
[WhiteElo "2199"]
[BlackElo "2172"]
[PlyCount "69"]
[EventDate "2013.06.14"]
[EventType "swiss"]
[EventRounds "9"]
[EventCountry "SRB"]
[SourceTitle "CBM 155 Extra"]
[Source "ChessBase"]
[SourceDate "2013.08.26"]
[SourceVersion "1"]
[SourceVersionDate "2013.08.26"]
[SourceQuality "1"]

1. c4 Nf6 2. d4 e6 3. Nc3 d5 4. cxd5 exd5 5. Bg5 Be7 6. Qc2 c6 7. e3 Nbd7 8. Bd3 0-0 9. Nge2 Re8 10. 0-0 Nf8 11. f3 h6 12. Bh4 Ne6 13. Rad1 Nh5 14. Bf2 Bh4 15. g3 Be7 16. e4 Ng5 17. Be3 Bh3 18. Rf2 dxe4 19. fxe4 Bg4 20. Kg2 Qd7 21. Re1 Bf3+ 22. Kf1 Qh3+ 23. Kg1 Bg4 24. Ref1 Bxe2 25. Qxe2 Nf6 26. e5 Ng4 27. Bf5 h5 28. Bxg5 Bxg5 29. Ne4 Be3 30. Bxg4 Bxf2+ 31. Nxf2 Qxf1+ 32. Kxf1 hxg4 33. Qxg4 Rad8 34. Ne4 Re6 35. Nd6 1-0

[Event "Branicevo-ch"]
[Site "Pozarevac"]
[Date "2012.12.22"]
[Round "3"]
[White "Arsenijevic, Ivan"]
[Black "Chelushkina, Irina"]
[Result "1/2-1/2"]
[WhiteElo "2154"]
[BlackElo "2267"]
[PlyCount "113"]
[EventDate "2012.12.21"]
[EventType "swiss"]
[EventRounds "5"]
[EventCountry "SRB"]
[SourceTitle "CBM 152 Extra"]
[Source "ChessBase"]
[SourceDate "2013.02.25"]
[SourceVersion "1"]
[SourceVersionDate "2013.02.25"]
[SourceQuality "1"]

1. d4 Nf6 2. Nf3 e6 3. Bg5 c5 4. c3 Qb6 5. Qc2 Nc6 6. e3 d5 7. Nbd2 cxd4 8. exd4 Ne4 9. Nxe4 dxe4 10. Nd2 f5 11. Bf4 Be7 12. Nc4 Qd8 13. Be2 0-0 14. h3 Bd7 15. Rd1 b5 16. Ne5 Nxe5 17. Bxe5 Bc6 18. 0-0 Qd7 19. c4 bxc4 20. Bxc4 Bd5 21. Qb3 Bg5 22. Bxd5 Qxd5 23. Qg3 Bh6 24. b3 Rac8 25. Rc1 Rc6 26. Rxc6 Qxc6 27. Bf4 Bxf4 28. Qxf4 Qd5 29. Rc1 Qxd4 30. Rc7 h6 31. Re7 a5 32. Kh2 Qb6 33. Qe5 Rf6 34. Qg3 Rf7 35. Rxf7 Kxf7 36. Qf4 g5 37. Qd2 Ke7 38. g3 Qc5 39. Qb2 e5 40. a3 Qd4 41. Qc2 Kd6 42. Kg2 f4 43. gxf4 exf4 44. Qc8 f3+ 45. Kg1 Ke7 46. Qc7+ Kf6 47. Qh7 Qd1+ 48. Kh2 Qd6+ 49. Kg1 Ke5 50. Qg7+ Kf5 51. Qf7+ Ke5 52. Qg7+ Qf6 53. Qc7+ Ke6 54. Qc6+ Kf5 55. Qd5+ Qe5 56. Qf7+ Qf6 57. Qd5+ 1/2-1/2

[Event "SRB-chT2 East CS"]
[Site "Serbia"]
[Date "2012.09.16"]
[Round "4.34"]
[White "Arsenijevic, Ivan"]
[Black "Kraguljac, Pero"]
[Result "1-0"]
[WhiteElo "2148"]
[BlackElo "2133"]
[PlyCount "81"]
[EventDate "2012.09.14"]
[EventType "team"]
[EventRounds "9"]
[EventCountry "SRB"]
[SourceTitle "EXT 2015"]
[Source "ChessBase"]
[SourceDate "2014.11.20"]
[SourceVersion "1"]
[SourceVersionDate "2014.11.20"]
[SourceQuality "1"]

1. d4 Nf6 2. Nf3 g6 3. c4 Bg7 4. Nc3 0-0 5. Bf4 d6 6. Qd2 Nc6 7. e4 Bg4 8. d5 Nb4 9. h3 Bxf3 10. gxf3 Nh5 11. Be3 e6 12. a3 Na6 13. 0-0-0 exd5 14. Nxd5 Nc5 15. Qc2 Ne6 16. Qd2 c5 17. Kb1 Nd4 18. Be2 Re8 19. Rde1 a6 20. Bg5 f6 21. Be3 f5 22. Bg5 Bf6 23. Nxf6+ Nxf6 24. exf5 Nxf5 25. Bd3 Rxe1+ 26. Rxe1 Nd4 27. Qf4 Nh5 28. Qg4 Qf8 29. Be4 Re8 30. Bd5+ Kh8 31. Rxe8 Qxe8 32. Qxh5 Qe5 33. Qh4 Qe1+ 34. Ka2 h5 35. Bf6+ Kh7 36. Bxd4 cxd4 37. Qxd4 Qf1 38. h4 b5 39. Qf6 Qe2 40. Qf7+ Kh6 41. Qf8+ 1-0

[Event "SRB-chT2 East CS"]
[Site "Serbia"]
[Date "2012.09.14"]
[Round "1.64"]
[White "Marinovic, Nebojsa"]
[Black "Arsenijevic, Ivan"]
[Result "1/2-1/2"]
[WhiteElo "2175"]
[BlackElo "2148"]
[PlyCount "32"]
[EventDate "2012.09.14"]
[EventType "team"]
[EventRounds "9"]
[EventCountry "SRB"]
[SourceTitle "EXT 2015"]
[Source "ChessBase"]
[SourceDate "2014.11.20"]
[SourceVersion "1"]
[SourceVersionDate "2014.11.20"]
[SourceQuality "1"]

1. e4 e6 2. Nf3 d5 3. Nc3 dxe4 4. Nxe4 Be7 5. d4 Nf6 6. Bd3 0-0 7. 0-0 Nbd7 8. c3 b6 9. Re1 Bb7 10. Nfg5 h6 11. Nxf6+ Nxf6 12. Ne4 Nxe4 13. Bxe4 Bxe4 14. Rxe4 Bf6 15. Qg4 Kh7 16. Bf4 Bg5 1/2-1/2

[Event "SRB-chT Central"]
[Site "Pozarevac"]
[Date "2012.02.19"]
[Round "9"]
[White "Arsenijevic, Ivan"]
[Black "Rajkovic, Aleksandar"]
[Result "1/2-1/2"]
[WhiteElo "2172"]
[BlackElo "2126"]
[PlyCount "22"]
[EventDate "2012.02.13"]
[EventType "team-swiss"]
[EventRounds "9"]
[EventCountry "SRB"]
[SourceTitle "CBM 146 Extra"]
[Source "ChessBase"]
[SourceDate "2012.02.29"]
[SourceVersion "1"]
[SourceVersionDate "2012.02.29"]
[SourceQuality "1"]

1. d4 Nf6 2. Nf3 g6 3. c4 Bg7 4. Nc3 0-0 5. e4 d6 6. Be2 Nc6 7. 0-0 e5 8. d5 Ne7 9. b4 Ne8 10. c5 f5 11. Nd2 f4 1/2-1/2

[Event "SRB-chT Central"]
[Site "Pozarevac"]
[Date "2012.02.17"]
[Round "6"]
[White "Kostic, Tomislav"]
[Black "Arsenijevic, Ivan"]
[Result "1/2-1/2"]
[WhiteElo "1813"]
[BlackElo "2172"]
[PlyCount "42"]
[EventDate "2012.02.13"]
[EventType "team-swiss"]
[EventRounds "9"]
[EventCountry "SRB"]
[SourceTitle "CBM 146 Extra"]
[Source "ChessBase"]
[SourceDate "2012.02.29"]
[SourceVersion "1"]
[SourceVersionDate "2012.02.29"]
[SourceQuality "1"]

1. e4 e6 2. d4 d5 3. exd5 exd5 4. Nf3 Bd6 5. Bd3 Ne7 6. c3 h6 7. Qc2 Nbc6 8. Be3 Bg4 9. Nbd2 Qd7 10. h3 Bf5 11. Nf1 Bxd3 12. Qxd3 0-0-0 13. 0-0-0 Rde8 14. N1h2 Ng6 15. Rhe1 Bf4 16. Ng4 Bxe3+ 17. Nxe3 Nf4 18. Qc2 h5 19. h4 f6 20. g3 Ne6 21. Qa4 Ned8 1/2-1/2

[Event "SRB-chT Central"]
[Site "Pozarevac"]
[Date "2012.02.14"]
[Round "2"]
[White "Gagic, Miroljub"]
[Black "Arsenijevic, Ivan"]
[Result "1/2-1/2"]
[WhiteElo "1883"]
[BlackElo "2172"]
[PlyCount "88"]
[EventDate "2012.02.13"]
[EventType "team-swiss"]
[EventRounds "9"]
[EventCountry "SRB"]
[SourceTitle "CBM 146 Extra"]
[Source "ChessBase"]
[SourceDate "2012.02.29"]
[SourceVersion "1"]
[SourceVersionDate "2012.02.29"]
[SourceQuality "1"]

1. c4 e6 2. g3 d5 3. Bg2 Nf6 4. b3 c6 5. Nf3 Bd6 6. Bb2 Nbd7 7. 0-0 0-0 8. Nc3 Re8 9. d3 e5 10. cxd5 Nxd5 11. Rc1 Nxc3 12. Bxc3 Nf6 13. Qc2 Qe7 14. e3 Nd5 15. Bb2 Nb4 16. Qb1 Bf5 17. Rfd1 e4 18. Nh4 Bg4 19. Bxe4 Bxd1 20. Rxd1 g6 21. Bg2 Be5 22. d4 Bf6 23. Nf3 Rad8 24. Nd2 Bg7 25. Ne4 Nd5 26. Qc1 Qc7 27. Ba3 f5 28. Nc5 Bf8 29. Bb2 Bg7 30. Qc4 Qf7 31. Rc1 Re7 32. Ba3 Nb6 33. Qc2 Ree8 34. Bf1 Kh8 35. Bb4 Nd5 36. Ba3 Bf8 37. Bb2 Bg7 38. a3 Qe7 39. Nd3 Nf6 40. Ne5 Nd7 41. Nd3 Rc8 42. b4 Rf8 43. Nf4 Nb6 44. Bg2 Rfe8 1/2-1/2

[Event "SRB-chT Central"]
[Site "Pozarevac"]
[Date "2012.02.13"]
[Round "1"]
[White "Arsenijevic, Ivan"]
[Black "Savic, Miodrag R"]
[Result "0-1"]
[WhiteElo "2172"]
[BlackElo "2535"]
[PlyCount "53"]
[EventDate "2012.02.13"]
[EventType "team-swiss"]
[EventRounds "9"]
[EventCountry "SRB"]
[SourceTitle "CBM 146 Extra"]
[Source "ChessBase"]
[SourceDate "2012.02.29"]
[SourceVersion "1"]
[SourceVersionDate "2012.02.29"]
[SourceQuality "1"]

1. d4 Nf6 2. Nf3 e6 3. c4 b6 4. Nc3 Bb7 5. Bg5 Be7 6. e3 h6 7. Bh4 Ne4 8. Bxe7 Qxe7 9. Nxe4 Bxe4 10. a3 d6 11. Bd3 Bb7 12. Qc2 Nd7 13. Be4 c6 14. Qa4 b5 15. Qb3 Nf6 16. Bd3 0-0 17. Qc3 bxc4 18. Bxc4 Ne4 19. Qc2 c5 20. dxc5 Nxc5 21. Qe2 d5 22. Bb5 a6 23. Bd3 e5 24. Bc2 a5 25. Qd2 d4 26. b4 axb4 27. Rb1 0-1

[Event "SRB-chT2 East CS"]
[Site "Serbia"]
[Date "2011.10.14"]
[Round "7.14"]
[White "Arsenijevic, Ivan"]
[Black "Mincic, Srbislav"]
[Result "1/2-1/2"]
[WhiteElo "2180"]
[BlackElo "2288"]
[PlyCount "35"]
[EventDate "2011.09.11"]
[EventType "team"]
[EventRounds "11"]
[EventCountry "SRB"]
[SourceTitle "EXT 2015"]
[Source "ChessBase"]
[SourceDate "2014.11.20"]
[SourceVersion "1"]
[SourceVersionDate "2014.11.20"]
[SourceQuality "1"]

1. d4 d5 2. Nf3 Nf6 3. c4 c6 4. Nc3 a6 5. e3 b5 6. cxd5 cxd5 7. Bd3 Bb7 8. 0-0 Nbd7 9. Ne5 e6 10. f4 Bd6 11. Bd2 Rc8 12. a3 Ne4 13. Na2 Nxd2 14. Qxd2 f6 15. Qe2 0-0 16. Qh5 f5 17. Nxd7 Qxd7 18. Rac1 1/2-1/2

[Event "SRB-chT2 East"]
[Site "Serbia"]
[Date "2010.09.26"]
[Round "3.6"]
[White "Petrovic, Dragoslav"]
[Black "Arsenijevic, Ivan"]
[Result "0-1"]
[WhiteElo "2031"]
[BlackElo "2127"]
[PlyCount "78"]
[EventDate "2010.09.11"]
[EventType "team"]
[EventRounds "11"]
[EventCountry "SRB"]
[SourceTitle "EXT 2012"]
[Source "ChessBase"]
[SourceDate "2011.11.24"]
[SourceVersion "1"]
[SourceVersionDate "2011.11.24"]
[SourceQuality "1"]

1. d4 d5 2. c4 c6 3. cxd5 cxd5 4. Nf3 Nc6 5. Nc3 Nf6 6. Bf4 e6 7. e3 Bd6 8. Bg3 0-0 9. Bd3 Re8 10. Bh4 Nb4 11. Bb5 Bd7 12. a3 Bxb5 13. Nxb5 Nc6 14. Nxd6 Qxd6 15. Bxf6 gxf6 16. Rc1 Rac8 17. 0-0 Rc7 18. b4 Rec8 19. Qd2 Ne7 20. h3 b6 21. Nh2 Kg7 22. Rxc7 Qxc7 23. Qe2 Qc2 24. Qg4+ Qg6 25. Qf4 Rc2 26. Ra1 Qg5 27. Qb8 Nc8 28. Nf3 Qf5 29. a4 Rc4 30. a5 Qc2 31. axb6 axb6 32. b5 Rc7 33. Nh2 Qc3 34. Rb1 Qc2 35. Ra1 Qc3 36. Rb1 Kf8 37. Ng4 Ke7 38. Nh2 Kd7 39. Ng4 Ke7 0-1

[Event "SRB-chT2 East"]
[Site "Pozarevac"]
[Date "2009.10.09"]
[Round "7.4"]
[White "Lepojevic, Nebojsa"]
[Black "Arsenijevic, Ivan"]
[Result "1/2-1/2"]
[WhiteElo "2065"]
[BlackElo "2120"]
[PlyCount "58"]
[EventDate "2009.09.06"]
[EventType "team"]
[EventRounds "11"]
[EventCountry "SRB"]
[SourceTitle "EXT 2012"]
[Source "ChessBase"]
[SourceDate "2011.11.24"]
[SourceVersion "1"]
[SourceVersionDate "2011.11.24"]
[SourceQuality "1"]

1. Nf3 d5 2. e3 Nf6 3. c4 c6 4. b3 Bg4 5. Bb2 e6 6. Be2 Nbd7 7. 0-0 Bd6 8. d3 0-0 9. Nbd2 Qe7 10. Re1 e5 11. Nf1 Rad8 12. N3d2 Bf5 13. cxd5 cxd5 14. Ng3 Bg6 15. a3 Rc8 16. Nf3 Rc7 17. Nh4 Qe6 18. Nxg6 hxg6 19. d4 e4 20. Qd2 Rfc8 21. Rec1 Qe7 22. Rxc7 Rxc7 23. Rc1 Qd8 24. Rxc7 Qxc7 25. Qc1 Qxc1+ 26. Bxc1 Nb8 27. f3 a6 28. Kf2 Kf8 29. Bd1 Nc6 1/2-1/2

[Event "Central Serbia-ch U20"]
[Site "Niska Banja"]
[Date "2007.07.27"]
[Round "6"]
[White "Arsenijevic, Ivan"]
[Black "Stankovic, Ivan G"]
[Result "1/2-1/2"]
[WhiteElo "2148"]
[BlackElo "1950"]
[PlyCount "77"]
[EventDate "2007.07.24"]
[EventType "swiss"]
[EventRounds "9"]
[EventCountry "SRB"]
[SourceTitle "EXT 2023"]
[Source "ChessBase"]
[SourceDate "2022.10.05"]
[SourceVersion "1"]
[SourceVersionDate "2022.10.05"]
[SourceQuality "1"]

1. d4 d5 2. Nf3 Nf6 3. c4 c6 4. Nc3 a6 5. e3 e6 6. Bd3 Nbd7 7. Qc2 Bd6 8. 0-0 0-0 9. Rd1 b5 10. b3 Bb7 11. Rb1 Qe7 12. e4 dxe4 13. Nxe4 Nxe4 14. Bxe4 h6 15. Be3 Nf6 16. Bd3 Rac8 17. Qe2 bxc4 18. Bxc4 a5 19. Rbc1 Ng4 20. Bd2 c5 21. h3 Bxf3 22. Qxf3 Nf6 23. Bxa5 Ra8 24. Bb6 cxd4 25. Rxd4 Nd7 26. Rcd1 Nxb6 27. Rxd6 Nxc4 28. bxc4 Rxa2 29. c5 Rc2 30. c6 Qf6 31. Qe3 Rc8 32. Qb6 Kh7 33. Qe3 g6 34. Qb6 Kg7 35. g3 Rb8 36. Qd4 Qxd4 37. R1xd4 Rc8 38. Rd7 R8xc6 39. Rf4 1/2-1/2